000 00700nam a22002417a 4500
005 20251108165503.0
008 250721s1996 xx 000 0 ara d
082 1 4 _aم/217.6/عبد
100 1 _aبن أحمد، عبد الجبار
245 1 0 _aشرح الأصول الخمسة /
250 _aط3
264 1 _aالقاهره :
_bمكتبة وهبة،
_c1996.
300 _a829ص
650 1 7 _aفقه السنة
650 1 7 _aفقه الشيعة
650 1 7 _aالفقه الإسلامي
650 1 7 _aالإسلام
650 1 7 _aعلم الكلام
650 1 7 _aالمعتزلة
700 1 _aعثمان، عبد الكريم
_eتحقيق
942 _2ddc
_cREF
999 _c29094
_d29094